• AIU
  • Tony Wilmot Memorial Library

Aji bu cidon : (Record no. 14652)

MARC details
000 -LEADER
fixed length control field 00563nam a22001811a 4500
003 - CONTROL NUMBER IDENTIFIER
control field NEGST
005 - DATE AND TIME OF LATEST TRANSACTION
control field 20110718122852.0
008 - FIXED-LENGTH DATA ELEMENTS--GENERAL INFORMATION
fixed length control field 030618s1994 cou 001 0 eng d
100 1# - MAIN ENTRY--PERSONAL NAME
Personal name Nigeria Bible Translation Trust.
245 10 - TITLE STATEMENT
Title Aji bu cidon :
Remainder of title nuge wa ripye. /
Statement of responsibility, etc International Bible Society.
260 ## - PUBLICATION, DISTRIBUTION, ETC. (IMPRINT)
Place of publication, distribution, etc Colorado Springs, CO :
Name of publisher, distributor, etc Int. Bible Society,
Date of publication, distribution, etc 1994.
300 ## - PHYSICAL DESCRIPTION
Extent 574p : ill., maps.
590 ## - LOCAL NOTE (RLIN)
Local note Accession number: 19822
600 10 - SUBJECT ADDED ENTRY--PERSONAL NAME
Personal name Jukun language - Texts.
600 10 - SUBJECT ADDED ENTRY--PERSONAL NAME
Personal name Bible. N.T. Jukun. 1994.
630 00 - SUBJECT ADDED ENTRY--UNIFORM TITLE
Uniform title Bible. N.T. Jukun.
Holdings
Withdrawn status Lost status Source of classification or shelving scheme Damaged status Not for loan Collection code Home library Current library Shelving location Date acquired Source of acquisition Cost, normal purchase price Total Checkouts Full call number Barcode Date last seen Copy number Price effective from Koha item type
    Library of Congress Classification     General Circulation AIU/NEGST - Tony Wilmot Memorial Library AIU/NEGST - Tony Wilmot Memorial Library General Stacks 11/27/2009 Donation 20.00   BS 325.J858 1994 R08881M3232 09/26/2019 1 11/27/2009 Books
    Library of Congress Classification     Reference AIU/NEGST - Tony Wilmot Memorial Library AIU/NEGST - Tony Wilmot Memorial Library Reference 11/27/2009 Donation 20.00   REF BS 325.J858 1994 R49037K3232 09/26/2019   11/27/2009 Reference